书目信息 |
| 题名: |
全新HSK高等模拟试题集
|
|
| 作者: | 赵梦萱 主编 | |
| 分册: | ||
| 出版信息: | 北京 北京语言大学出版社 2006.01 |
|
| 页数: | 328页 | |
| 开本: | 26cm | |
| 丛书名: | ||
| 单 册: | ||
| 中图分类: | H195.4 | |
| 科图分类: | ||
| 主题词: | 汉语--han yu--对外汉语教学--试题 | |
| 电子资源: | ||
| ISBN: | 7-5619-1565-9 | |
| 000 | 00789nam0 2200229 450 | |
| 001 | 012007356311 | |
| 005 | 20070515152240.85 | |
| 010 | @a7-5619-1565-9@dCNY40.00 | |
| 100 | @a20070114d2006 km y0chiy0120 ea | |
| 101 | 0 | @achi |
| 102 | @aCN@b110000 | |
| 105 | @ay q 000yy | |
| 200 | 1 | @a全新HSK高等模拟试题集@Aquan xin HSK gao deng mo ni shi ti ji@e附答案注解@f赵梦萱主编@Fzhao meng xuan zhu bian |
| 210 | @a北京@c北京语言大学出版社@d2006.01 | |
| 215 | @a328页@d26cm | |
| 307 | @a2006年7月第2次印刷 | |
| 330 | @a本书模拟试卷共八篇,每篇主要分为听力理解、阅读理解、综合表达、答案及注释和听力理解录音文本五部分。 | |
| 606 | 0 | @a汉语@Ahan yu@x对外汉语教学@j试题 |
| 690 | @aH195.4@v4 | |
| 701 | 0 | @a赵梦萱@Azhao meng xuan@4主编 |
| 801 | 0 | @aCN@c20070515 |
| 905 | @a10447@dH195.4@eZ317 | |
| 全新HSK高等模拟试题集:附答案注解/赵梦萱主编.-北京:北京语言大学出版社,2006.01 |
| 328页;26cm |
| ISBN 7-5619-1565-9:CNY40.00 |
| 本书模拟试卷共八篇,每篇主要分为听力理解、阅读理解、综合表达、答案及注释和听力理解录音文本五部分。 |
| ● |
| 相关链接 |
|
|
|
正题名:全新HSK高等模拟试题集
索取号:H195.4/Z317
 
预约/预借
| 序号 | 登录号 | 条形码 | 馆藏地/架位号 | 状态 | 备注 |
| 1 | 235080 | 202350801 | 语言库209/209语言库 79排2列2层/ [索取号:H195.4/Z317] | 在馆 | |
| 2 | 235081 | 202350810 | 语言库209/209语言库 79排2列2层/ [索取号:H195.4/Z317] | 在馆 | |
| 3 | 235082 | 202350829 | 语言库209/209语言库 79排2列2层/ [索取号:H195.4/Z317] | 在馆 |